1118 1958 1247 1489 1055 1699 1239 1596 1984 1707 1084 1329 1883 1690 1546 1751 1413 1424 1673 1890 1240 1374 1508 1733 1886 1567 1353 1411 1649 1886 1584 1860 1344 1657 1197 1745 1134 1918 1090 1134 1090 1946 1598 1678 1459 1442 1200 1040 1585 1561 1244 1220 1425 1021 1790 1491 1857 1323 1795 1701 1565 1297 1443 1309 1035 1811 1176 1658 1169 1116 1835 1839 1045 1145 1163 1093 1988 1493 1730 1459 1672 1044 1300 1450 1383 1429 1174 1909 1429 1059 1900 1320 1544 1318 1615 1038 1046 1135 1787 BCNSPRNW ULIB Ver.6.0+V

เปลี่ยนเป็นภาษาไทย

Change to English
 แสดงรายละเอียดบรรณานุกรม
  กลับหน้าหลัก

Brief Record : Get Marc (ISO 2709) : E-mail record : QR code < ปิดหน้าต่าง
LEADER : 00000nam 2200000uu 4500
001    13399109145
003     ULIB
008    110323s2551||||th 000 0 tha d
020    9789744140524
050  4 HD30.28^bด123ล 2551
100 0  ดนัย เทียนพุฒ
245 10 โลดแล่นไอเดีย & นวัตกรรมในทะเลสีน้ำเงิน =^bMr.Idea &Ms.Innovation in blue ocean /^cโดย ดนัย เทียนพุฒ
246 30 โลดแล่นไอเดียและนวัตกรรมในทะเลสีน้ำเงิน
246 31 Mr.Idea & Ms.Innovation in blue ocean
250    พิมพ์ครั้งที่ 1
260    กรุงเทพฯ :^bเอ็กซเปอร์เน็ท,^c2551
300    290 หน้า :^bภาพประกอบ ;^c21 ซม.
650  7 การวางแผนเชิงกลยุทธ์
650  7 การวางแผนธุรกิจ
945    ^p220^l0^i029937
945    ^p220^l0^i029938
995    เกษร
999 ^a ใช้งานได้ทุกระบบ
รายการนี้ยังไม่มีแท็ก
คุณยังไม่ได้ล็อกอิน คุณสามารถมีกิจกรรมร่วมกับเว็บไซต์ได้ แต่ต้องล็อกอินก่อน ::
  ล็อกอิน

รายการสื่อสารสนเทศ

ลำดับที่ ประเภท เลขเรียก/บาร์โค้ด สถานที่ สถานะ
- ไม่พบข้อมูล -

รายการใกล้เคียง
    ผู้แต่ง [ดนัย เทียนพุฒ]

    หัวเรื่อง [การวางแผนเชิงกลยุทธ์]
    หัวเรื่อง [การวางแผนธุรกิจ]

BibComment


ยังไม่เคยถูกคอมเมนท์

คอมเมนท์ทรัพยากรรายการนี้
  คอมเมนท์: โลดแล่นไอเดีย นว..


 Copyright 2026. Bcnsprnw @Library